| 000 | 01272nam a2200349 i 4500 | ||
|---|---|---|---|
| 001 | 13652 | ||
| 003 | KOSZ 005 | ||
| 005 | 20211125142142.0 | ||
| 008 | 070620s1965 pl a f f 001 0 pol | ||
| 015 | _aPB 1966/6352 | ||
| 040 |
_aWA N _cWA N _dKOSZ 005/RW |
||
| 041 | 0 |
_apol _beng _brus |
|
| 080 | _a167/168 | ||
| 080 | _a025 | ||
| 100 | 1 |
_aWójcik, Tadeusz _c(semiotyka) _eAutor |
|
| 245 | 1 | 0 |
_aZarys teorii klasyfikacji : _bzagadnienia formalne / _cTadeusz Wójcik ; [przedmowa J. Wodzicki]. |
| 260 |
_aWarszawa : _bPaństwowe Wydawnictwo Naukowe, _c1965. |
||
| 300 |
_a183, [1] strony : _bilustracje ; _c18 cm. |
||
| 336 |
_aTekst _btxt _2rdacontent |
||
| 337 |
_aBez urządzenia pośredniczacego _bn _2rdamedia |
||
| 338 |
_aWolumin _bnc _2rdacarrier |
||
| 380 | _aKsiążki. | ||
| 504 | _aBibliografia na stronach 144-145. Indeks. | ||
| 546 | _aStreszczenie w języku angielskim i rosyjskim. | ||
| 650 | 4 | _aKlasyfikacja | |
| 658 | _aGospodarka, ekonomia, finanse | ||
| 650 | 4 | _aAnaliza dyskryminacyjna | |
| 700 | 1 |
_aWodzicki, Jan. _ePrzedmowa |
|
| 710 | 2 |
_aPaństwowe Wydawnictwo Naukowe _4pbl. |
|
| 856 |
_uhttp://koha.tu.koszalin.pl/cgi-bin/koha/opac-detail.pl?biblionumber=13652 _yKatalog online BPK |
||
| 942 |
_2UKD _cKS |
||
| 999 |
_c13652 _d13652 |
||